| 000 | 00352nam a2200157Ia 4500 | ||
|---|---|---|---|
| 100 | _aHughes/Bob | ||
| 650 | _aProject Management | ||
| 942 | _cBK | ||
| 366 | _f20 | ||
| 654 | _aproject management | ||
| 245 | _aProject Management for IT-Related Projects | ||
| 260 |
_bBCS _c2007 |
||
| 082 |
_a004.24/HUG _bHUG |
||
| 300 | _a130 | ||
| 546 | _aENGLISH | ||
| 999 |
_c19458 _d19458 |
||